000 00870nam a2200193 a 4500
008 120416s1981 ||||||||||||||||| || u
020 _a0387187553
050 _aQC 174.12 Gre
100 _aGreiner, Walter
245 1 0 _aQuantum mechanics
260 _aBerlin:
_bSpringer-Verlag
_c1981
300 _a3v. : ill
350 _a0.00
650 _aMECHANICS
650 _aQUANTUM MECHANICS
995 _aMAIN LIBRARY OPEN ACCESS
_D0.00
_e012783
_FCBU-MAIN LIBRARY (Kitwe)
_H2
_I68.00
_jQC 174.12 Gre
_UAVAILABLE
_y012783
_ZMain Library Open Access Collection
995 _aMAIN LIBRARY OPEN ACCESS
_D0.00
_e012784
_FCBU-MAIN LIBRARY (Kitwe)
_H1
_I68.00
_jQC 174.12 Gre
_UAVAILABLE
_y012784
_ZMain Library Open Access Collection
995 _aANNEX COLLECTION (Main Library)
_D0.00
_e012782
_FCBU-MAIN LIBRARY (Kitwe)
_H3
_I68.00
_jQC 174.12 Gre
_UAVAILABLE
_y012782
_ZAnnex Low-Usage Collection
999 _c79930
_d79930